Profil a štruktúra vybraného trhu obchodno-podnikateľských služieb v EÚ a v SR bakalárska práca

Gespeichert in:
Bibliographische Detailangaben
1. Verfasser: Újhelyiová, Zuzana
Körperschaft: Obchodná fakulta EU. Katedra služieb a cestovného ruchu - zrušené
Weitere Verfasser: Benešová, Dana, 1958-
Format: Buch
Sprache:Slowakisch
Veröffentlicht: Bratislava 2012
Tags: Tag hinzufügen
Keine Tags, Fügen Sie das erste Tag hinzu!

MARC

LEADER 00000nbm a2200000 4500
001 0154353
005 20240417084611.2
041 0 |a slo 
044 |a SK 
245 1 0 |a Profil a štruktúra vybraného trhu obchodno-podnikateľských služieb v EÚ a v SR  |b bakalárska práca  |c Zuzana Újhelyiová ; školiteľ: Dana Benešová 
264 1 |a Bratislava  |c 2012 
300 |a 56 s. 
100 1 |a Újhelyiová, Zuzana 
700 1 |a Benešová, Dana, 1958- 
710 2 |a Obchodná fakulta EU. Katedra služieb a cestovného ruchu - zrušené